[Event "XXIII Miedzynarodowy Festiwal Szachowy "]
[Site "Krakow, Hotel Galaxy  ul. Ges"]
[Date "2013.01.03"]
[Round "8.8"]
[White "Suliborski, Jakub"]
[Black "Sleczka, Bartosz"]
[Result "1-0"]
[WhiteElo "1979"]
[BlackElo "1920"]
[PlyCount "83"]
[EventDate "2013.??.??"]

1. e4 e5 2. Nf3 Nc6 3. Bb5 a6 4. Ba4 Nf6 5. O-O Be7 6. Re1 b5 7. Bb3 d6 8. h3
O-O 9. c3 Na5 10. Bc2 c5 11. d4 Qc7 12. Nbd2 Nc6 13. d5 Nd8 14. Nf1 Ne8 15. Ng3
g6 16. Nh2 f6 17. f4 exf4 18. Bxf4 Ng7 19. Ng4 Nf7 20. Nh6+ Nxh6 21. Bxh6 Bd7
22. Qf3 Rab8 23. h4 Rf7 24. h5 Bf8 25. hxg6 hxg6 26. Rf1 Bc8 27. Rf2 Rb7 28.
Raf1 Qd7 29. Qf4 Ne8 30. Bxf8 Rxf8 31. Ne2 Qg4 32. Qe3 Rbf7 33. Nf4 Kg7 34. Bd1
Qg5 35. Rf3 Qe5 36. Rg3 g5 37. Nd3 Qe7 38. Bh5 c4 39. Nb4 Qa7 40. Bxf7 Qxe3+
41. Rxe3 Rxf7 42. Nc6 1-0

[Event "XXIII Miedzynarodowy Festiwal Szachowy "]
[Site "Krakow, Hotel Galaxy  ul. Ges"]
[Date "2013.01.03"]
[Round "8.9"]
[White "Kowalski, Piotr"]
[Black "Puuska, Heini"]
[Result "1-0"]
[WhiteElo "2096"]
[BlackElo "1984"]
[PlyCount "93"]
[EventDate "2013.??.??"]

1. e4 g6 2. d4 Bg7 3. Nc3 d6 4. Be3 a6 5. Qd2 b5 6. a3 Nd7 7. g4 Bb7 8. Nge2 e5
9. d5 Nb6 10. Ng3 Qd7 11. f3 Ne7 12. h4 Nc4 13. Bxc4 bxc4 14. h5 f5 15. hxg6 f4
16. Nh5 fxe3 17. Nxg7+ Kf8 18. Qxe3 Nxd5 19. Ne6+ Qxe6 20. Qh6+ Kg8 21. g7 Qxh6
22. gxh8=Q+ Kxh8 23. Rxh6 Nf4 24. Kf2 Ng6 25. Rah1 Nf8 26. Nd1 Bc8 27. Ne3 Be6
28. g5 Kg7 29. Nf5+ Bxf5 30. exf5 Rb8 31. f6+ Kg8 32. R1h4 d5 33. b3 cxb3 34.
cxb3 Rxb3 35. Ra4 Rb6 36. Rxa6 Kf7 37. Ra8 d4 38. Rc8 Rb2+ 39. Ke1 Rc2 40. a4
Ne6 41. Rxh7+ Kg6 42. Rg7+ Nxg7 43. Rg8 Kxg5 44. f7 Kf4 45. f8=Q+ Ke3 46. Qa3+
Rc3 47. Qb2 1-0

[Event "XXIII Miedzynarodowy Festiwal Szachowy "]
[Site "Krakow, Hotel Galaxy  ul. Ges"]
[Date "2013.01.03"]
[Round "8.10"]
[White "Kudas, Damian"]
[Black "Mielczarek, Daniel"]
[Result "1/2-1/2"]
[WhiteElo "2083"]
[BlackElo "1975"]
[PlyCount "102"]
[EventDate "2013.??.??"]

1. d4 Nf6 2. Nf3 d5 3. c4 e6 4. Nc3 Be7 5. Bg5 O-O 6. e3 Nbd7 7. Qc2 h6 8. h4
dxc4 9. Bxc4 Nb6 10. Bd3 Nfd5 11. Bxe7 Qxe7 12. O-O-O Nb4 13. Qe2 Nxd3+ 14.
Qxd3 c5 15. g4 Bd7 16. Ne5 cxd4 17. Qxd4 Rfd8 18. Qf4 Rac8 19. Kb1 Bc6 20.
Rxd8+ Rxd8 21. Nxc6 bxc6 22. g5 h5 23. Rg1 g6 24. Ne4 Nd5 25. Qe5 Qc7 26. Qxc7
Nxc7 27. Rc1 Nd5 28. Rxc6 Ne7 29. Rd6 Rb8 30. Nf6+ Kg7 31. e4 Ng8 32. Nxg8 Kxg8
33. Rd7 Rb4 34. f3 a5 35. Ra7 Rd4 36. Kc2 Ra4 37. a3 Rc4+ 38. Kd2 Rd4+ 39. Ke3
Ra4 40. Kd3 Kf8 41. Rc7 e5 42. Rc4 Rxc4 43. Kxc4 f6 44. gxf6 g5 45. Kd3 gxh4
46. Ke3 a4 47. f4 h3 48. Kf3 exf4 49. e5 Kf7 50. Kf2 Ke6 51. Kf3 Kf7 1/2-1/2

[Event "XXIII Miedzynarodowy Festiwal Szachowy "]
[Site "Krakow, Hotel Galaxy  ul. Ges"]
[Date "2013.01.03"]
[Round "8.11"]
[White "Kuspak, Aleksander"]
[Black "Gawronski, Lukasz"]
[Result "1/2-1/2"]
[WhiteElo "1918"]
[BlackElo "2069"]
[PlyCount "49"]
[EventDate "2013.??.??"]

1. e4 e6 2. d4 d5 3. Nc3 Bb4 4. e5 c5 5. a3 Bxc3+ 6. bxc3 Ne7 7. h4 Bd7 8. h5
h6 9. Qg4 Qc7 10. Kd1 Kf8 11. Bd3 Ba4 12. dxc5 b5 13. cxb6 axb6 14. Bd2 Nd7 15.
Nf3 Nc6 16. Qf4 Nc5 17. Ke2 Na5 18. g4 Nxd3 19. cxd3 Nb3 20. Ra2 Nc5 21. Qb4
Bb3 22. Rb2 Ra4 23. Qb5 Ra5 24. Qb4 Ra4 25. Qb5 1/2-1/2

[Event "XXIII Miedzynarodowy Festiwal Szachowy "]
[Site "Krakow, Hotel Galaxy  ul. Ges"]
[Date "2013.01.03"]
[Round "8.12"]
[White "Matysiak, Samuel"]
[Black "Iivonen, Markku"]
[Result "1-0"]
[WhiteElo "1811"]
[BlackElo "2049"]
[PlyCount "95"]
[EventDate "2013.??.??"]

1. e4 e6 2. d4 d5 3. Nc3 Nc6 4. Be3 Bb4 5. Nge2 dxe4 6. a3 Bxc3+ 7. Nxc3 Nf6 8.
f3 exf3 9. gxf3 Nd5 10. Nxd5 exd5 11. Rg1 Bf5 12. Qd2 Qh4+ 13. Rg3 h6 14. O-O-O
Qf6 15. Bb5 O-O-O 16. Bxc6 Qxc6 17. Rxg7 Bg6 18. Bf4 Qc4 19. Rg1 Qa2 20. Qa5
Qc4 21. Qxc7+ Qxc7 22. Bxc7 Rd7 23. Be5 Re8 24. Kd2 b5 25. Rg4 Rde7 26. Rf4 Kd7
27. c3 Re6 28. Rh4 h5 29. Ke3 Ke7 30. Kf4 Kf8 31. Rh3 a5 32. Rg3 a4 33. Rg5
R8e7 34. Kg3 Re8 35. Kh4 R8e7 36. f4 f6 37. Bxf6 Rxf6 38. R7xg6 Rxf4+ 39. Kxh5
Re2 40. h4 Rxb2 41. Rxd5 Rb3 42. Kg5 Rf3 43. Rf6+ Rxf6 44. Kxf6 Ke8 45. h5 Rxc3
46. h6 Rh3 47. Kg6 b4 48. h7 1-0

[Event "XXIII Miedzynarodowy Festiwal Szachowy "]
[Site "Krakow, Hotel Galaxy  ul. Ges"]
[Date "2013.01.03"]
[Round "8.13"]
[White "Kasperek, Joanna"]
[Black "Marczuk, Anna"]
[Result "1-0"]
[WhiteElo "2032"]
[BlackElo "1674"]
[PlyCount "41"]
[EventDate "2013.??.??"]

1. e4 d5 2. exd5 Qxd5 3. Nc3 Qd6 4. d4 Nf6 5. Nf3 a6 6. h3 Bf5 7. Bd3 Bg6 8.
Be3 Nc6 9. a3 O-O-O 10. O-O e5 11. dxe5 Nxe5 12. Bf4 Nxf3+ 13. Qxf3 Qb6 14. Be3
Qa5 15. b4 Qe5 16. Bf4 Qe6 17. Rfe1 Qd7 18. Bxa6 c6 19. Rad1 Nd5 20. Nxd5 cxd5
21. Qc3+ 1-0

[Event "XXIII Miedzynarodowy Festiwal Szachowy "]
[Site "Krakow, Hotel Galaxy  ul. Ges"]
[Date "2013.01.03"]
[Round "8.14"]
[White "Valkovoj, Alexandr"]
[Black "Parol, Pawel"]
[Result "1/2-1/2"]
[WhiteElo "1855"]
[BlackElo "1984"]
[PlyCount "79"]
[EventDate "2013.??.??"]

1. d4 e6 2. Bf4 b6 3. Nf3 Bb7 4. Nbd2 f5 5. e3 Nf6 6. Bd3 Be7 7. c3 O-O 8. Qc2
c5 9. h3 Nc6 10. e4 cxd4 11. exf5 dxc3 12. bxc3 e5 13. Bxe5 Nxe5 14. Nxe5 Bxg2
15. Rg1 Bb7 16. Qb3+ d5 17. O-O-O Rc8 18. Kb2 a5 19. f4 a4 20. Qc2 Qc7 21. Rc1
Bc5 22. Rg3 Qd6 23. Ka1 Rc7 24. Qxa4 Ra8 25. Qd1 Bf2 26. Rf3 Qa3 27. Bb1 Bc5
28. Rg3 Bd4 29. Nb3 Bc5 30. Rd3 b5 31. h4 Bf8 32. h5 Rac8 33. Qg1 b4 34. Qb6
bxc3 35. Qe6+ Kh8 36. Rcxc3 Re7 37. Nf7+ Kg8 38. Nh6+ Kh8 39. Nf7+ Kg8 40. Nh6+
1/2-1/2

[Event "XXIII Miedzynarodowy Festiwal Szachowy "]
[Site "Krakow, Hotel Galaxy  ul. Ges"]
[Date "2013.01.??"]
[Round "8.15"]
[White "Janik, Andrzej"]
[Black "Grochulski, Grzegorz"]
[Result "0-1"]
[WhiteElo "1877"]
[BlackElo "2067"]
[PlyCount "44"]
[EventDate "2013.??.??"]

1. c4 e5 2. Qc2 b6 3. Nc3 Bb7 4. a3 g6 5. e4 Bg7 6. b4 Ne7 7. Nf3 Nbc6 8. d3
O-O 9. h4 f5 10. Bg5 fxe4 11. Nxe4 h6 12. Bxe7 Qxe7 13. Be2 Rf4 14. Qa2 Raf8
15. O-O Rxf3 16. Bxf3 Rxf3 17. gxf3 Nd4 18. Kg2 Qf7 19. Rae1 Qxf3+ 20. Kh2 Qf4+
21. Kg2 Qg4+ 22. Kh1 Qh3+ 0-1

[Event "XXIII Miedzynarodowy Festiwal Szachowy "]
[Site "Krakow, Hotel Galaxy  ul. Ges"]
[Date "2013.01.03"]
[Round "8.16"]
[White "Popiol, Michal"]
[Black "Horoschavina, Oksana"]
[Result "0-1"]
[WhiteElo "1859"]
[BlackElo "2063"]
[PlyCount "92"]
[EventDate "2013.??.??"]

1. d4 Nf6 2. c4 e6 3. Nc3 Bb4 4. e3 Bxc3+ 5. bxc3 b6 6. Bd3 Bb7 7. f3 O-O 8.
Ne2 d6 9. O-O e5 10. e4 h6 11. Ng3 Nbd7 12. Nf5 Re8 13. Be3 Nf8 14. Qd2 Bc8 15.
g4 Bxf5 16. gxf5 N8h7 17. Kh1 Kh8 18. Rg1 Qe7 19. Bc2 Rg8 20. a4 a5 21. Rae1
Rae8 22. f4 exd4 23. Bxd4 c5 24. Bf2 Qb7 25. Qe2 Re7 26. Rg2 Rge8 27. e5 dxe5
28. fxe5 Ng5 29. Bh4 Rxe5 30. Qxe5 Rxe5 31. Rxe5 Qf3 32. Bxg5 hxg5 33. Kg1 Qxc3
34. Ree2 Qd4+ 35. Kf1 Qxc4 36. Ke1 Qc3+ 37. Kd1 c4 38. Rg3 Qa1+ 39. Kd2 Qd4+
40. Kc1 g4 41. Ree3 Nd5 42. Re4 Qa1+ 43. Kd2 c3+ 44. Kd3 Nb4+ 45. Kc4 Nxc2 46.
Rgxg4 Ne3+ 0-1

[Event "XXIII Miedzynarodowy Festiwal Szachowy "]
[Site "Krakow, Hotel Galaxy  ul. Ges"]
[Date "2013.01.03"]
[Round "8.17"]
[White "Staroszczyk, Mateusz"]
[Black "Malaczek, Mateusz"]
[Result "1/2-1/2"]
[WhiteElo "2026"]
[BlackElo "1855"]
[PlyCount "50"]
[EventDate "2013.??.??"]

1. e4 c5 2. Nc3 Nc6 3. g3 g6 4. Bg2 Bg7 5. d3 Rb8 6. Be3 d6 7. Qd2 b5 8. f4 b4
9. Nd1 Qb6 10. Nf3 Nf6 11. h3 O-O 12. O-O Ne8 13. Kh1 Nc7 14. Bg1 a5 15. a3 Nb5
16. axb4 axb4 17. Qf2 Nbd4 18. Ne3 Nxf3 19. Qxf3 Nd4 20. Qf2 Bb7 21. f5 Ra8 22.
Rxa8 Bxa8 23. c3 bxc3 24. bxc3 Nb5 25. fxg6 hxg6 1/2-1/2

[Event "XXIII Miedzynarodowy Festiwal Szachowy "]
[Site "Krakow, Hotel Galaxy  ul. Ges"]
[Date "2013.01.03"]
[Round "8.19"]
[White "Ociepka, Tomasz"]
[Black "Kawula, Andrzej"]
[Result "0-1"]
[WhiteElo "1852"]
[BlackElo "1996"]
[PlyCount "75"]
[EventDate "2013.??.??"]

1. e4 e6 2. d4 d5 3. Nd2 Nf6 4. e5 Nfd7 5. f4 c5 6. Ndf3 Nc6 7. Ne2 Be7 8. c3
f5 9. g3 Qb6 10. Bh3 cxd4 11. Nexd4 Nxd4 12. Nxd4 Nc5 13. Qe2 Bd7 14. Be3 Qxb2
15. Qxb2 Nd3+ 16. Ke2 Nxb2 17. Rhb1 Na4 18. Rxb7 Nxc3+ 19. Kd3 Ne4 20. Nb5
Bxb5+ 21. Rxb5 O-O 22. Rb7 Bc5 23. Rc1 d4 24. Bg1 Bb6 25. Re7 Rac8 26. Rc4 Rxc4
27. Kxc4 Rc8+ 28. Kb5 Rc5+ 29. Kb4 Rc1 30. Bxd4 Bxd4 31. Rxe6 g6 32. g4 Nf2 33.
gxf5 Nd3+ 34. Ka4 Nc5+ 35. Ka5 Nxe6 36. fxe6 Kf8 37. Kb5 Ke7 38. a4 0-1

[Event "XXIII Miedzynarodowy Festiwal Szachowy "]
[Site "Krakow, Hotel Galaxy  ul. Ges"]
[Date "2013.01.03"]
[Round "8.20"]
[White "Rzeznik, Lukasz"]
[Black "Gregulski, Zbigniew"]
[Result "1-0"]
[WhiteElo "1989"]
[BlackElo "1841"]
[PlyCount "45"]
[EventDate "2013.??.??"]

1. e4 c6 2. d4 d5 3. e5 Bf5 4. Be3 e6 5. Nd2 Nd7 6. Ngf3 Ne7 7. c3 Bg6 8. b4
Nf5 9. Bf4 h5 10. h4 Be7 11. g3 Nh6 12. Ng5 Nf8 13. Be2 Nf5 14. Nh3 f6 15. Nf3
Nd7 16. Bd2 fxe5 17. dxe5 Qc7 18. Nf4 Bf7 19. Nd3 c5 20. bxc5 Nxc5 21. Nxc5
Bxc5 22. Qa4+ Qc6 23. Bb5 1-0

[Event "XXIII Miedzynarodowy Festiwal Szachowy "]
[Site "Krakow, Hotel Galaxy  ul. Ges"]
[Date "2013.01.03"]
[Round "8.22"]
[White "Bandyk, Sebastian"]
[Black "Jablonska, Sabina"]
[Result "1/2-1/2"]
[WhiteElo "1454"]
[BlackElo "1973"]
[PlyCount "66"]
[EventDate "2013.??.??"]

1. e4 d5 2. exd5 Qxd5 3. Nf3 a6 4. d4 Qd6 5. c4 e6 6. Nc3 Nf6 7. g3 c5 8. Bg2
Nc6 9. Bf4 Qd8 10. d5 Ne7 11. Ne5 exd5 12. cxd5 Nf5 13. Qa4+ Bd7 14. Nxd7 Qxd7
15. Qxd7+ Nxd7 16. O-O-O Bd6 17. Rhe1+ Kd8 18. Bxd6 Nxd6 19. Ne4 Kc7 20. b3
Rae8 21. f3 Re5 22. Bh3 Nxe4 23. Bxd7 Kxd7 24. Rxe4 Rxe4 25. fxe4 Re8 26. Re1
Kd6 27. Kd2 Re5 28. Rf1 f6 29. Kd3 b5 30. g4 h5 31. h3 hxg4 32. hxg4 Re8 33.
Ke3 Re5 1/2-1/2

[Event "XXIII Miedzynarodowy Festiwal Szachowy "]
[Site "Krakow, Hotel Galaxy  ul. Ges"]
[Date "2013.01.03"]
[Round "8.23"]
[White "Jajte-pachota, Jerzy"]
[Black "Sliwicka, Alicja"]
[Result "1/2-1/2"]
[WhiteElo "1923"]
[BlackElo "1772"]
[PlyCount "119"]
[EventDate "2013.??.??"]

1. e4 c5 2. Bc4 e6 3. Nc3 Nc6 4. a3 Nf6 5. d3 d5 6. exd5 exd5 7. Ba2 Be7 8.
Nge2 O-O 9. O-O Be6 10. Re1 Rc8 11. Bg5 d4 12. Bxf6 Bxf6 13. Bxe6 fxe6 14. Ne4
Be7 15. N2g3 Qd5 16. Qg4 Ne5 17. Qh5 Ng6 18. Nd2 Bh4 19. Qxd5 exd5 20. Nf3 Bxg3
21. hxg3 Rfe8 22. Kf1 Kf8 23. Nh4 Ne5 24. Re2 Nc6 25. Rae1 g6 26. Nf3 Rxe2 27.
Rxe2 Re8 28. Ng5 Rxe2 29. Kxe2 Kg8 30. Ne6 b6 31. Kf3 Kf7 32. Ng5+ Kg7 33. Kf4
h6 34. Ne6+ Kf6 35. Nc7 Ne7 36. g4 g5+ 37. Kf3 Ke5 38. g3 Nc8 39. Ne8 c4 40.
Ke2 b5 41. Ng7 Nb6 42. b3 a5 43. Nf5 Nd7 44. Nxh6 Nc5 45. bxc4 dxc4 46. dxc4
bxc4 47. Nf7+ Kf6 48. Nd6 c3 49. f4 a4 50. Nb5 d3+ 51. cxd3 c2 52. Kd2 gxf4 53.
Kxc2 fxg3 54. Nd4 Kg5 55. Ne2 Kxg4 56. d4 Ne4 57. Kd3 Nd6 58. d5 g2 59. Ke3 Kf5
60. Kf2 1/2-1/2

[Event "XXIII Miedzynarodowy Festiwal Szachowy "]
[Site "Krakow, Hotel Galaxy  ul. Ges"]
[Date "2013.01.03"]
[Round "8.24"]
[White "Pastuszko, Kinga"]
[Black "Rychlik, Bogdan"]
[Result "1-0"]
[WhiteElo "1916"]
[BlackElo "1829"]
[PlyCount "61"]
[EventDate "2013.??.??"]

1. e4 c5 2. Nf3 a6 3. c3 d6 4. d4 cxd4 5. cxd4 Nf6 6. Nc3 e6 7. Bd3 Be7 8. O-O
O-O 9. Qc2 Nc6 10. a3 h6 11. h3 Bd7 12. Be3 Rc8 13. Rad1 Qc7 14. Nh2 Na5 15. f4
Nc4 16. Bxc4 Qxc4 17. Ng4 Nxg4 18. hxg4 d5 19. f5 dxe4 20. f6 Bxf6 21. Rxf6
gxf6 22. Bxh6 Qc6 23. Qf2 e5 24. d5 Qc5 25. Be3 Qe7 26. Nxe4 Kg7 27. Rf1 Bb5
28. Ng3 Bd3 29. Nh5+ Kg6 30. Qh4 Bxf1 31. Nxf6 1-0

[Event "XXIII Miedzynarodowy Festiwal Szachowy "]
[Site "Krakow, Hotel Galaxy  ul. Ges"]
[Date "2013.01.03"]
[Round "8.25"]
[White "Gluszko, Monika"]
[Black "Drop, Szymon"]
[Result "0-1"]
[WhiteElo "1951"]
[BlackElo "1803"]
[PlyCount "60"]
[EventDate "2013.??.??"]

1. e4 e5 2. Nf3 Nc6 3. Bc4 Nf6 4. Ng5 d5 5. exd5 Na5 6. Bb5+ c6 7. dxc6 bxc6 8.
Be2 h6 9. Nh3 Bc5 10. d3 Bxh3 11. gxh3 Nd5 12. O-O Qh4 13. Bf3 O-O 14. Bg2 f5
15. c4 Nf4 16. Bxf4 Qxf4 17. Qd2 Qxd2 18. Nxd2 Rad8 19. Nb3 Nxb3 20. axb3 Rxd3
21. b4 Bxb4 22. Rxa7 e4 23. Rb7 c5 24. Ra1 Rf6 25. h4 h5 26. h3 Rd4 27. Raa7
Rg6 28. Rf7 e3 29. Rfe7 Rd1+ 30. Kh2 exf2 0-1

[Event "XXIII Miedzynarodowy Festiwal Szachowy "]
[Site "Krakow, Hotel Galaxy  ul. Ges"]
[Date "2013.01.03"]
[Round "8.26"]
[White "Bartoszewicz, Marcin"]
[Black "Gora, Antonina"]
[Result "1-0"]
[WhiteElo "1937"]
[BlackElo "1842"]
[PlyCount "193"]
[EventDate "2013.??.??"]

1. e4 c5 2. Nf3 d6 3. d4 cxd4 4. Qxd4 Nc6 5. Bb5 Bd7 6. Bxc6 bxc6 7. O-O e5 8.
Qd3 h6 9. Na3 Nf6 10. Qe2 Be7 11. Nc4 O-O 12. Rd1 Qc7 13. h3 Be6 14. b3 Rad8
15. Bd2 Rd7 16. a4 Ne8 17. g4 f6 18. Ba5 Qc8 19. Ne3 d5 20. Nf5 Bxf5 21. exf5
Nd6 22. Nh4 Ne4 23. Ng6 Rf7 24. f3 Bc5+ 25. Kg2 Nd6 26. Be1 Rb7 27. Bf2 Bb4 28.
c4 d4 29. f4 exf4 30. Rxd4 Bc3 31. Rxd6 Bxa1 32. Qd1 Rbd7 33. Rxd7 Qxd7 34.
Qxa1 f3+ 35. Kg1 Qd8 36. Qd4 Rd7 37. Qf4 Rd3 38. b4 Kh7 39. Kh2 Ra3 40. a5 a6
41. c5 Qe8 42. Kg3 Rb3 43. Nh4 Qe5 44. Nxf3 Qxf4+ 45. Kxf4 Rxb4+ 46. Kg3 Rb5
47. h4 Rxa5 48. g5 hxg5 49. hxg5 Rb5 50. Bd4 a5 51. Kf4 a4 52. gxf6 gxf6 53.
Bxf6 Rxc5 54. Ng5+ Kg8 55. Ne6 Rc4+ 56. Kg5 a3 57. Kg6 a2 58. Be5 Rg4+ 59. Ng5
Rf4 60. f6 Rxf6+ 61. Kxf6 Kf8 62. Ke6 Ke8 63. Kd6 Kd8 64. Kxc6 Kc8 65. Kb5 Kd7
66. Kc4 Kc6 67. Kb3 Kd5 68. Bb2 Kc5 69. Kxa2 Kd5 70. Kb3 Kc5 71. Kc3 Kd5 72.
Kd3 Kc5 73. Bd4+ Kd5 74. Nh3 Kd6 75. Nf4 Kc6 76. Kc4 Kb7 77. Kb5 Kc8 78. Kc6
Kb8 79. Ne6 Ka8 80. Nc7+ Kb8 81. Bc5 Kc8 82. Ba7 Kd8 83. Nd5 Kc8 84. Ne7+ Kd8
85. Kd6 Ke8 86. Ke6 Kf8 87. Nf5 Ke8 88. Bb6 Kf8 89. Bc7 Ke8 90. Ng7+ Kf8 91.
Kf6 Kg8 92. Kg6 Kf8 93. Bd6+ Kg8 94. Nf5 Kh8 95. Bc5 Kg8 96. Nh6+ Kh8 97. Bd4#
1-0

[Event "XXIII Miedzynarodowy Festiwal Szachowy "]
[Site "Krakow, Hotel Galaxy  ul. Ges"]
[Date "2013.01.03"]
[Round "8.27"]
[White "Sajtyna, Krzysztof"]
[Black "Latka, Tadeusz"]
[Result "1-0"]
[WhiteElo "1917"]
[BlackElo "1573"]
[PlyCount "93"]
[EventDate "2013.??.??"]

1. c4 c6 2. Nc3 d5 3. e3 Nf6 4. b3 Bg4 5. Qc2 e6 6. d4 Bb4 7. Bd3 Nbd7 8. a3
Bd6 9. Nge2 Bh5 10. Ng3 Bg6 11. O-O Qc7 12. Bb2 Bxd3 13. Qxd3 O-O 14. Rac1 Be7
15. b4 dxc4 16. Qxc4 Nb6 17. Qe2 Qd7 18. Rfd1 a5 19. b5 Rfc8 20. e4 a4 21. f4
Ra5 22. bxc6 Rxc6 23. f5 exf5 24. Nxf5 Bf8 25. d5 Rc4 26. Nd4 Bc5 27. Na2 Rxc1
28. Rxc1 Qe7 29. Re1 Qe5 30. Qd3 Nfxd5 31. Kh1 Bd6 32. g3 Nf6 33. Bc3 Rc5 34.
Nb5 Qe6 35. Nxd6 Qxa2 36. Nf5 Qe6 37. Qd8+ Ne8 38. Nxg7 Qd7 39. Qxb6 Rxc3 40.
Nf5 Rc6 41. Qb4 Re6 42. Rf1 Ng7 43. g4 Qd3 44. Kg2 Qxe4+ 45. Qxe4 Rxe4 46. Nh6+
Kh8 47. Nxf7+ 1-0

[Event "XXIII Miedzynarodowy Festiwal Szachowy "]
[Site "Krakow, Hotel Galaxy  ul. Ges"]
[Date "2013.01.03"]
[Round "8.28"]
[White "Svanholm, Borge Waaktaar"]
[Black "Leczek, Weronika"]
[Result "1-0"]
[WhiteElo "1906"]
[BlackElo "1549"]
[PlyCount "139"]
[EventDate "2013.??.??"]

1. c4 e5 2. g3 Nc6 3. Bg2 Nf6 4. Nc3 Bc5 5. Nf3 d6 6. d3 Bg4 7. h3 Bh5 8. O-O
Qd7 9. Kh2 h6 10. a3 g5 11. Nd5 Nxd5 12. cxd5 Nd4 13. Nxd4 Bxd4 14. Qc2 f5 15.
e3 Bb6 16. Re1 O-O-O 17. b4 a5 18. bxa5 Bxa5 19. Bd2 Bxd2 20. Qxd2 Rdf8 21. a4
f4 22. a5 Kd8 23. Rab1 fxg3+ 24. fxg3 Bf3 25. Rxb7 Bxg2 26. Kxg2 Qf7 27. e4
Qf3+ 28. Kh2 Qf2+ 29. Qxf2 Rxf2+ 30. Kg1 Rhf8 31. Rb8+ Kd7 32. Rxf8 Rxf8 33.
Kg2 c6 34. dxc6+ Kxc6 35. Rb1 Ra8 36. Rc1+ Kb7 37. Ra1 Kc6 38. Kf3 h5 39. Ke3
Kc5 40. Rf1 Rxa5 41. Rf5 h4 42. Rxg5 hxg3 43. Rxg3 Ra8 44. h4 Kb4 45. h5 Rh8
46. Rh3 Kc3 47. h6 Rh7 48. Rh2 Kb4 49. d4 Kc3 50. dxe5 dxe5 51. Rh5 Kc4 52.
Rxe5 Rxh6 53. Rf5 Re6 54. Kf4 Kd4 55. Rd5+ Kc4 56. Rd8 Rf6+ 57. Kg5 Rf1 58. e5
Re1 59. Kf6 Rf1+ 60. Ke7 Kc5 61. e6 Kc6 62. Rd2 Rc1 63. Kd8 Ra1 64. Ke8 Rf1 65.
e7 Kc7 66. Rc2+ Kb8 67. Rc5 Kb7 68. Kd7 Rd1+ 69. Ke6 Re1+ 70. Re5 1-0

[Event "XXIII Miedzynarodowy Festiwal Szachowy "]
[Site "Krakow, Hotel Galaxy  ul. Ges"]
[Date "2013.01.03"]
[Round "8.29"]
[White "Jopek, Krzysztof"]
[Black "Tavakalov, Stanislav"]
[Result "1/2-1/2"]
[WhiteElo "1868"]
[BlackElo "1772"]
[PlyCount "79"]
[EventDate "2013.??.??"]

1. Nf3 Nf6 2. c4 c6 3. d4 d5 4. Nc3 e6 5. Bg5 Nbd7 6. e3 Qa5 7. cxd5 Nxd5 8.
Qd2 Bb4 9. Rc1 O-O 10. a3 Bxc3 11. bxc3 Qxa3 12. c4 N5f6 13. Bd3 c5 14. O-O b6
15. Ra1 Qb4 16. Qc2 cxd4 17. exd4 Bb7 18. Ne5 h6 19. Bxf6 Nxf6 20. Rfb1 Qe7 21.
f3 Nd7 22. Ng4 f5 23. Ne3 Qg5 24. Qf2 e5 25. c5 exd4 26. Bc4+ Kh8 27. Nd5 Bxd5
28. Bxd5 Rad8 29. cxb6 Nxb6 30. Bb3 Nd5 31. Bxd5 Rxd5 32. Rxa7 d3 33. f4 Qf6
34. Ra2 Rc8 35. Rd1 Qc3 36. Qd2 Qd4+ 37. Qf2 Qc3 38. Rad2 Re8 39. g3 Red8 40.
Qe3 1/2-1/2

[Event "XXIII Miedzynarodowy Festiwal Szachowy "]
[Site "Krakow, Hotel Galaxy  ul. Ges"]
[Date "2013.01.03"]
[Round "8.30"]
[White "Wilk, Maciej"]
[Black "Mintenko, Heorhiy"]
[Result "1-0"]
[WhiteElo "1646"]
[BlackElo "2088"]
[PlyCount "115"]
[EventDate "2013.??.??"]

1. e4 c6 2. d4 d5 3. Nc3 dxe4 4. Nxe4 Nf6 5. Ng3 h5 6. h4 Bg4 7. Be2 Bxe2 8.
N1xe2 e6 9. Be3 Be7 10. Nf4 g6 11. Qd3 Nd5 12. O-O-O Na6 13. a3 Qc7 14. Nge2
O-O-O 15. Nxd5 exd5 16. g3 Qd7 17. Nf4 Nc7 18. Rhe1 Ne8 19. Qb3 Nd6 20. Nd3 Ne4
21. Ne5 Qf5 22. Bf4 g5 23. hxg5 Bxg5 24. Bxg5 Qxg5+ 25. f4 Qg7 26. Nxf7 Qxf7
27. Rxe4 Qf6 28. Re5 h4 29. Rde1 Rh7 30. Qf3 hxg3 31. Qxg3 Qh4 32. Qg5 Qxg5 33.
fxg5 Rh4 34. c3 Rg4 35. Kd2 Rg8 36. Re8+ Rxe8 37. Rxe8+ Kd7 38. Re5 Kd6 39. Rf5
Ke6 40. Rf6+ Ke7 41. Rh6 Rg2+ 42. Kc1 Kd7 43. g6 b6 44. Rh7+ Kd6 45. Rxa7 Rxg6
46. Kc2 Rg2+ 47. Kb3 Rf2 48. a4 Re2 49. Rb7 Re4 50. Rxb6 Kc7 51. a5 c5 52. dxc5
Rc4 53. c6 Re4 54. Kc2 Ra4 55. b4 Ra1 56. Kd3 Rd1+ 57. Ke3 Kc8 58. Rb7 1-0

[Event "XXIII Miedzynarodowy Festiwal Szachowy "]
[Site "Krakow, Hotel Galaxy  ul. Ges"]
[Date "2013.01.03"]
[Round "8.31"]
[White "Markiewicz, Mateusz"]
[Black "Tracz, Marcelina"]
[Result "1-0"]
[WhiteElo "2069"]
[BlackElo "1705"]
[PlyCount "57"]
[EventDate "2013.??.??"]

1. e4 e5 2. Nc3 Nf6 3. f4 d5 4. fxe5 Nxe4 5. d3 Nxc3 6. bxc3 Be7 7. Nf3 O-O 8.
d4 f6 9. exf6 Bxf6 10. Be2 Nc6 11. O-O Bf5 12. Bd3 Ne7 13. Bf4 c5 14. Rb1 Qa5
15. Rxb7 Qxc3 16. Bd6 Bxd4+ 17. Kh1 Bxd3 18. Qxd3 Qxd3 19. cxd3 Nc6 20. Bxf8
Rxf8 21. Rd1 Rf7 22. Nxd4 Nxd4 23. Rb8+ Rf8 24. Rxf8+ Kxf8 25. Rc1 Ne6 26. Rb1
h6 27. g3 Ke7 28. Rb7+ Kd6 29. Rxa7 1-0

[Event "XXIII Miedzynarodowy Festiwal Szachowy "]
[Site "Krakow, Hotel Galaxy  ul. Ges"]
[Date "2013.01.03"]
[Round "8.32"]
[White "Trebala, Michal"]
[Black "Mirski, Michal"]
[Result "0-1"]
[WhiteElo "1631"]
[BlackElo "1918"]
[PlyCount "70"]
[EventDate "2013.??.??"]

1. d4 Nf6 2. c4 e6 3. Nc3 Bb4 4. a3 Bxc3+ 5. bxc3 Ne4 6. Qc2 f5 7. g3 b6 8. Bg2
Bb7 9. Nf3 Nf6 10. O-O O-O 11. Re1 d6 12. Ng5 Bxg2 13. Kxg2 Qe8 14. e4 h6 15.
exf5 hxg5 16. fxe6 Qh5 17. e7 Re8 18. Qf5 g4 19. Bg5 Nbd7 20. Re6 g6 21. Qf4
Nh7 22. Bh6 Ndf6 23. Bf8 Qf5 24. Qxf5 gxf5 25. Rae1 Kf7 26. Bh6 Ne4 27. d5 Rxe7
28. Rxe7+ Kxe7 29. f3 gxf3+ 30. Kxf3 Kf6 31. Re3 Re8 32. Kf4 Rg8 33. h4 Rg6 34.
Bg5+ Nhxg5 35. hxg5+ Rxg5 0-1

[Event "XXIII Miedzynarodowy Festiwal Szachowy "]
[Site "Krakow, Hotel Galaxy  ul. Ges"]
[Date "2013.01.03"]
[Round "8.33"]
[White "Jasiak, Filip"]
[Black "Lis, Mateusz"]
[Result "0-1"]
[WhiteElo "1906"]
[BlackElo "1681"]
[PlyCount "120"]
[EventDate "2013.??.??"]

1. c4 e5 2. Nc3 Nc6 3. Nf3 d6 4. d3 g6 5. g3 Bg7 6. Bg2 f5 7. O-O Nf6 8. a3 O-O
9. Bd2 Kh8 10. Nh4 Be6 11. Rb1 Rb8 12. Bg5 Ne7 13. Qc1 Qe8 14. b4 Neg8 15. Nb5
Qf7 16. Nxa7 h6 17. Bd2 g5 18. Nf3 f4 19. Nb5 Nh7 20. Bc3 g4 21. Nd2 Ng5 22. f3
fxg3 23. hxg3 Qd7 24. Bb2 c6 25. Nc3 gxf3 26. exf3 Bh3 27. Nce4 Bxg2 28. Kxg2
Qh3+ 29. Kf2 Qh2+ 30. Ke1 Nxe4 31. dxe4 Qxg3+ 32. Ke2 Nf6 33. Kd3 Nh5 34. Kc2
Nf4 35. Kb3 b5 36. Ka2 Nd3 37. Qc3 Nxb2 38. Rxb2 d5 39. c5 Rf4 40. Qe3 Qh3 41.
Rbb1 dxe4 42. Nxe4 Qe6+ 43. Kb2 Rd8 44. Rf2 Qc4 45. Qc3 Qxc3+ 46. Kxc3 Rd4 47.
Re1 h5 48. Re3 h4 49. Kb3 Rd8 50. Nd6 Rdf8 51. Rh2 Rxf3 52. Rxh4+ Kg8 53. Rhe4
Bh6 54. Rxf3 Rxf3+ 55. Kc2 Bf4 56. Nc8 Kf7 57. Na7 Ke6 58. Nxc6 Kd5 59. Re2
Kxc6 60. Rg2 Bg3 0-1

[Event "XXIII Miedzynarodowy Festiwal Szachowy "]
[Site "Krakow, Hotel Galaxy  ul. Ges"]
[Date "2013.01.03"]
[Round "8.35"]
[White "Kudryavtsev, Mikhail"]
[Black "Snihur, Adam"]
[Result "1/2-1/2"]
[WhiteElo "1834"]
[BlackElo "1645"]
[PlyCount "85"]
[EventDate "2013.??.??"]

1. Nf3 Nf6 2. d4 g6 3. g3 Bg7 4. Bg2 O-O 5. O-O d6 6. Bg5 Nbd7 7. Nbd2 c5 8. c3
h6 9. Bxf6 Nxf6 10. e4 d5 11. exd5 cxd4 12. c4 e6 13. Nxd4 exd5 14. cxd5 Nxd5
15. N2b3 Ne7 16. Re1 Nf5 17. Nxf5 Bxf5 18. Qxd8 Raxd8 19. Bxb7 Bxb2 20. Rad1
Bf6 21. Bc6 Bc2 22. Rxd8 Rxd8 23. Be4 Re8 24. f3 Bxe4 25. Rxe4 Rxe4 26. fxe4
Kf8 27. Kf2 Ke7 28. Ke3 Kd6 29. a4 Bc3 30. Nd4 Bxd4+ 31. Kxd4 f6 32. a5 h5 33.
h3 a6 34. h4 g5 35. Kc4 gxh4 36. gxh4 Ke5 37. Kc5 Kxe4 38. Kb6 Kd5 39. Kxa6 Kc6
40. Ka7 f5 41. a6 Kc7 42. Ka8 f4 43. a7 1/2-1/2